Find the Cartoon Dogs Quiz Stats

 Plays Quiz Updated Jun 17, 2017

Support Sporcle.
Go Orange.
Score 0/42 Timer 07:00
1 Play Today
% Correct
Scooby-Doo
91.1%
Snoopy
89.9%
Pluto
88.8%
Goofy
88.6%
Lady
87%
Blue
87%
Clifford
85.7%
Brian Griffin
85.7%
Slinky Dog
85.6%
Bolt
84.8%
Underdog
82.7%
Tramp
81.4%
Deputy Dawg
79.4%
Droopy
79%
Odie
78.1%
Hong Kong
Phooey
77.5%
Mr. Peabody
76.8%
Gromit
76.7%
Nana
73.2%
Santa's
Little Helper
71.8%
Krypto
the Superdog
71.5%
% Correct
Sam
Sheepdog
68.7%
Pongo
68.6%
Huckleberry
Hound
67.9%
Dug
65.4%
Dynomutt
Dog Wonder
65%
Astro
64.1%
Snuffles
(Snowball)
61.2%
Muttley
59.8%
Courage
59.5%
Dogbert
58%
Ren Höek
53%
Jake the Dog
49.8%
Spike
49.8%
Doggie
Daddy
44.1%
Spunky
43.4%
Porkchop
42.5%
Barnyard Dog
40.8%
Charlie B. Barkin
37.9%
Brain
37%
Seymour
36.6%
Dum Dum
35.5%

You're not logged in!

Compare scores with friends on all Sporcle quizzes.
OR
Log In
Forgot?

From the Vault

Technically, This Is a 'Matching Game'

by mikenew

Technically, this is just a Sporcle quiz.
Remove Ads.
Support Sporcle.
Get the best of Sporcle when you Go Orange. This ad-free experience offers more features, more stats, and more fun while also helping to support Sporcle. Thank you for becoming a member.

Show Comments

Extras

Top Quizzes Today


Score Distribution

Your Account Isn't Verified!

In order to create a playlist on Sporcle, you need to verify the email address you used during registration. Go to your Sporcle Settings to finish the process.

Report this User

Report this user for behavior that violates our Community Guidelines.

Details: